000 01025nam a2200301 i 4500
001 000045394
003 DO-SdBNP
005 20240530073923.0
007 ta
008 150306s2015 dr 000 f spa d
020 _a9789945166606
040 _aDO-SdBNP
_bspa
_cBNPHU
_erda
082 4 _aRD863.44
_bB352h
_222
100 1 _aBautista, José,
_d1934-
_973432
_eautor
245 1 0 _aHenry y Marie /
_cJosé Dionisio Bautista Javier; prólogo José Ángel Meriño Martineaux.
264 _aSanto Domingo :
_bEditora Búho,
_c2015.
300 _a169 páginas ;
_c22 cm.
336 _2rdacontent
_atexto
_btxt
337 _2rdamedia
_asin mediación
_bn
338 _2rdacarrier
_avolumen
_bnc
500 _aIncluye datos biográficos de la autora en la solapa de la cubierta
590 _aInventariado, 2020/MFF
650 0 _aNovela dominicana
_9223
650 0 _aLiteratura dominicana.
_967
700 1 2 _aMeriño Martineaux, José Ángel,
_eprólogo
_973433
910 _aValidado. Control de MFF
942 _2ddc
_cLBS1
999 _c44883
_d44883